English Words to Know: G - Statistics

General Stats
  • This quiz has been taken 66 times
  • The average score is 28 of 78
Answer Stats
Answer % Correct
go
100%
get
83%
give
79%
game
76%
great
76%
good
72%
grow
72%
gas
69%
god
69%
grand
69%
guest
66%
goal
59%
green
59%
guess
59%
gain
55%
gate
55%
gear
52%
grab
52%
gray
52%
gun
52%
gap
48%
gay
48%
ghost
45%
given
45%
grave
45%
gene
41%
gift
41%
gold
41%
grade
41%
glad
38%
grain
38%
gang
34%
garage
34%
girl
34%
grass
34%
guard
34%
gaze
31%
gentleman
31%
government
31%
graduate
31%
grandfather
31%
grandmother
31%
group
31%
growth
31%
garden
28%
general
28%
glove
28%
guide
28%
guy
28%
gesture
24%
golden
24%
golf
24%
grant
24%
growing
24%
guilty
24%
generation
21%
gradually
21%
gender
17%
generate
17%
giant
17%
glass
17%
ground
17%
guarantee
17%
gather
14%
generally
14%
garlic
10%
genetic
10%
girlfriend
10%
glance
10%
global
10%
governor
10%
gallery
7%
gently
7%
gifted
7%
greatest
7%
grocery
7%
galaxy
3%
guideline
0%
No matching quizzes found
Score Distribution
Percent of People with Each Score
Percentile by Number Answered
Your Score History
You have not taken this quiz